[Event "Benidorm op U2300 13th"]
[Site "Benidorm"]
[Date "2014.12.04"]
[Round "7"]
[White "Ridameya Tatche, Jose Miguel"]
[Black "Uran Bermudez, Oliver Kevin"]
[Result "1-0"]
[WhiteElo "2012"]
[BlackElo "2182"]
[PlyCount "72"]
[EventDate "2014.11.28"]
[EventType "swiss"]
[EventRounds "10"]
[EventCountry "ESP"]
[SourceTitle "CBM 163 Extra"]
[Source "ChessBase"]
[SourceDate "2014.12.23"]
[SourceVersion "1"]
[SourceVersionDate "2014.12.23"]
[SourceQuality "1"]

1. e4 c5 2. Nf3 Nc6 3. Bb5 e5 4. 0-0 d6 5. Bxc6+ bxc6 6. c4 Nf6 7. d3 Be7 8. Qa4 Bd7 9. Nc3 0-0 10. Bg5 Nh5 11. Be3 f5 12. exf5 Rxf5 13. Ne4 Qe8 14. Ng3 Nxg3 15. fxg3 Qg6 16. Qc2 Raf8 17. Nd2 Rxf1+ 18. Rxf1 Rxf1+ 19. Kxf1 Bf6 20. Ne4 d5 21. Nf2 d4 22. Bc1 Bg5 23. Bxg5 Qxg5 24. Qe2 Qe3 25. Qxe3 dxe3 26. Ne4 Kf7 27. Nxc5 Bg4 28. Ke1 Kf6 29. h3 Bh5 30. g4 Bg6 31. Ke2 Kg5 32. Kxe3 Kh4 33. Kf3 Be8 34. Ne4 Bd7 35. b4 Be6 36. g3+ Kxh3 1-0

[Event "Benidorm op U2300 12th"]
[Site "Benidorm"]
[Date "2013.11.30"]
[Round "2"]
[White "Megias Ortiz, Vicente Manuel"]
[Black "Ridameya Tatche, Jose Miguel"]
[Result "1/2-1/2"]
[WhiteElo "2092"]
[BlackElo "2021"]
[PlyCount "46"]
[EventDate "2013.11.29"]
[EventType "swiss"]
[EventRounds "10"]
[EventCountry "ESP"]
[SourceTitle "CBM 157 Extra"]
[Source "ChessBase"]
[SourceDate "2013.12.19"]
[SourceVersion "1"]
[SourceVersionDate "2013.12.19"]
[SourceQuality "1"]

1. d4 d5 2. Bf4 Bf5 3. c4 e6 4. Nc3 c6 5. Qb3 Qd7 6. Nf3 dxc4 7. Qxc4 f6 8. e4 Bg6 9. Qb3 Bf7 10. Qc2 Bb4 11. Bc4 Ne7 12. 0-0 Ng6 13. Be3 0-0 14. e5 Be7 15. Ne4 f5 16. Neg5 Bxg5 17. Nxg5 Re8 18. f4 h6 19. Nxf7 Qxf7 20. g4 Ne7 21. h3 Nd5 22. Bxd5 cxd5 23. gxf5 exf5 1/2-1/2

[Event "ESP-ch Seniors 11th"]
[Site "Alicante"]
[Date "2013.10.??"]
[Round "7.9"]
[White "Kovacevic, Slobodan"]
[Black "Ridameya Tatche, Jose Miguel"]
[Result "1/2-1/2"]
[WhiteElo "2360"]
[BlackElo "1992"]
[PlyCount "148"]
[EventDate "2013.10.05"]
[EventType "swiss"]
[EventRounds "9"]
[EventCountry "ESP"]
[SourceTitle "EXT 2024"]
[Source "ChessBase"]
[SourceDate "2023.10.10"]
[SourceVersion "1"]
[SourceVersionDate "2023.10.10"]
[SourceQuality "1"]

1. d4 d5 2. Bf4 Bf5 3. e3 e6 4. c4 Bxb1 5. Qxb1 Bb4+ 6. Kd1 Bd6 7. Bg3 Nf6 8. Bd3 dxc4 9. Bxc4 Bxg3 10. hxg3 Nbd7 11. Ke2 Qe7 12. Nf3 0-0-0 13. Qc2 Kb8 14. b4 e5 15. Rad1 h6 16. a3 e4 17. Nd2 Nb6 18. Bb3 Rhe8 19. Rc1 c6 20. Ba2 Rc8 21. Rh4 h5 22. Qc5 Qxc5 23. bxc5 Nbd5 24. Nc4 g5 25. Rh3 Rh8 26. Nd6 Rc7 27. Kd2 Re7 28. Bb3 Ne8 29. Nxe8 Rexe8 30. Rch1 Nf6 31. Bxf7 Ref8 32. Be6 g4 33. Rh4 Kc7 34. Ke2 b6 35. Rb1 bxc5 36. dxc5 Re8 37. Bf7 Re5 38. Rc1 Rb8 39. Rc2 Rb5 40. Rh1 Rexc5 41. Rhc1 Rxc2+ 42. Rxc2 Ra5 43. Rc3 Kd6 44. Rb3 c5 45. Kd2 Kc6 46. Bc4 Nd5 47. Kc2 Nb6 48. Bf7 c4 49. Be8+ Kc5 50. Rb2 Rxa3 51. Rb5+ Kd6 52. Bxh5 Na4 53. Bf7 Ra2+ 54. Kc1 Rxf2 55. Bxc4 Rxg2 56. Rd5+ Kc7 57. Re5 Nc3 58. Bf7 Ne2+ 59. Kd1 Nxg3 60. Bc4 Rg1+ 61. Kd2 Nf1+ 62. Ke2 Nh2 63. Kf2 Rc1 64. Rxe4 a5 65. Bd3 Ra1 66. Rf4 Ra2+ 67. Kg3 a4 68. Rf7+ Kb6 69. Rh7 Ra3 70. Rd7 Ra2 71. Rh7 Ra3 72. Rd7 Ra2 73. Rd4 a3 74. Ra4 Kc5 1/2-1/2

[Event "ESP-ch Seniors 11th"]
[Site "Alicante"]
[Date "2013.10.??"]
[Round "4.8"]
[White "Ridameya Tatche, Jose Miguel"]
[Black "Bautista Sanchez, Joan"]
[Result "1/2-1/2"]
[WhiteElo "1992"]
[BlackElo "2188"]
[PlyCount "94"]
[EventDate "2013.10.05"]
[EventType "swiss"]
[EventRounds "9"]
[EventCountry "ESP"]
[SourceTitle "EXT 2024"]
[Source "ChessBase"]
[SourceDate "2023.10.10"]
[SourceVersion "1"]
[SourceVersionDate "2023.10.10"]
[SourceQuality "1"]

1. d4 Nf6 2. Nf3 d5 3. c4 c6 4. Nc3 g6 5. cxd5 cxd5 6. g3 Bg7 7. Bg2 0-0 8. 0-0 Nc6 9. h3 Ne4 10. e3 Nxc3 11. bxc3 Bf5 12. Nh4 Be6 13. Rb1 Qd7 14. Kh2 Na5 15. Re1 Rac8 16. Bd2 b6 17. Bf1 Nc4 18. Bc1 Bf5 19. Rb3 Nd6 20. g4 Be6 21. f3 Qc7 22. f4 Ne4 23. Bd2 Bd7 24. Ba6 Ba4 25. Bxc8 Rxc8 26. Nf3 Bxb3 27. axb3 Nxd2 28. Qxd2 Qxc3 29. Kg3 e6 30. Qa2 a5 31. Qa4 Qc6 32. Qa2 Bf8 33. Ne5 Qc3 34. Re2 Bd6 35. Nd7 g5 36. Nf6+ Kg7 37. Nh5+ Kg6 38. Qb1+ f5 39. Kf3 Qc1 40. Qd3 Rc3 41. Qb5 fxg4+ 42. Kf2 Kxh5 43. Qe8+ Kh4 44. hxg4 Kxg4 45. Qxe6+ Kh5 46. Qf7+ Kg4 47. Qe6+ Kh5 1/2-1/2

[Event "ESP-ch Seniors 11th"]
[Site "Alicante"]
[Date "2013.10.??"]
[Round "8.12"]
[White "Ridameya Tatche, Jose Miguel"]
[Black "Reig Albero, Ferran"]
[Result "1/2-1/2"]
[WhiteElo "1992"]
[BlackElo "2140"]
[PlyCount "35"]
[EventDate "2013.10.05"]
[EventType "swiss"]
[EventRounds "9"]
[EventCountry "ESP"]
[SourceTitle "EXT 2024"]
[Source "ChessBase"]
[SourceDate "2023.10.10"]
[SourceVersion "1"]
[SourceVersionDate "2023.10.10"]
[SourceQuality "1"]

1. e4 Nf6 2. Nc3 d6 3. d4 g6 4. h4 Bg7 5. Be2 c6 6. a4 Qa5 7. Bd2 Nbd7 8. b4 Qc7 9. h5 e5 10. hxg6 hxg6 11. Rxh8+ Bxh8 12. Be3 exd4 13. Bxd4 Nf8 14. Bc4 Be6 15. Qe2 Bxc4 16. Qxc4 Ne6 17. Nf3 Ng8 18. Ng1 1/2-1/2

[Event "Sabadell op 6th"]
[Site "Sabadell"]
[Date "2013.09.10"]
[Round "9"]
[White "Ridameya Tatche, Jose Miguel"]
[Black "Grau Pacheco, Marc"]
[Result "1-0"]
[WhiteElo "2007"]
[BlackElo "2006"]
[PlyCount "67"]
[EventDate "2013.09.02"]
[EventType "swiss"]
[EventRounds "9"]
[EventCountry "ESP"]
[SourceTitle "CBM 156 Extra"]
[Source "ChessBase"]
[SourceDate "2013.10.22"]
[SourceVersion "1"]
[SourceVersionDate "2013.10.22"]
[SourceQuality "1"]

1. e4 c6 2. d4 d5 3. exd5 cxd5 4. c4 Nf6 5. Nc3 e6 6. Bg5 dxc4 7. Bxc4 Be7 8. Nf3 0-0 9. 0-0 a6 10. a4 Nc6 11. Re1 b6 12. Qd2 Bb7 13. Rad1 Na5 14. Be2 Qc7 15. Ne5 Rad8 16. Qf4 Nd5 17. Nxd5 Rxd5 18. Bxe7 Qxe7 19. Bf3 Rdd8 20. Bxb7 Qxb7 21. b4 Nc6 22. Qf3 Rd5 23. b5 Nxd4 24. Rxd4 axb5 25. axb5 f6 26. Nd3 Rfd8 27. Rxd5 Qxd5 28. Qxd5 Rxd5 29. Nf4 Rxb5 30. Nxe6 Rb2 31. g3 b5 32. Re3 b4 33. Kg2 Rb1 34. Nc5 1-0

[Event "Sabadell op 6th"]
[Site "Sabadell"]
[Date "2013.09.06"]
[Round "5"]
[White "Ridameya Tatche, Jose Miguel"]
[Black "Tardio Fran, Emilio"]
[Result "0-1"]
[WhiteElo "2007"]
[BlackElo "1853"]
[PlyCount "78"]
[EventDate "2013.09.02"]
[EventType "swiss"]
[EventRounds "9"]
[EventCountry "ESP"]
[SourceTitle "CBM 156 Extra"]
[Source "ChessBase"]
[SourceDate "2013.10.22"]
[SourceVersion "1"]
[SourceVersionDate "2013.10.22"]
[SourceQuality "1"]

1. e4 c5 2. Nf3 d6 3. d4 cxd4 4. Nxd4 Nf6 5. f3 g6 6. c4 Nc6 7. Nxc6 bxc6 8. Be3 Bg7 9. Qd2 0-0 10. Nc3 Re8 11. h4 h5 12. Be2 Kh7 13. g4 Be6 14. gxh5 Nxh5 15. Rg1 Qa5 16. Rc1 d5 17. cxd5 cxd5 18. Nb5 Qxd2+ 19. Bxd2 Bxb2 20. Rc2 Be5 21. f4 Nxf4 22. h5 Nxh5 23. Bxh5 gxh5 24. Rg5 f6 25. Rxh5+ Kg6 26. Rh6+ Kg7 27. Be3 Rh8 28. Rg2+ Kf7 29. Rxh8 Rxh8 30. Nxa7 Rb8 31. Rc2 dxe4 32. Nc6 Bg3+ 33. Kd2 Ra8 34. Nb4 f5 35. Rc1 Rd8+ 36. Ke2 Rh8 37. a4 Rh2+ 38. Kf1 f4 39. Bg1 Bh3# 0-1

[Event "Sabadell op 6th"]
[Site "Sabadell"]
[Date "2013.09.02"]
[Round "1"]
[White "Valdes Romero, Leonardo"]
[Black "Ridameya Tatche, Jose Miguel"]
[Result "1-0"]
[WhiteElo "2427"]
[BlackElo "2007"]
[PlyCount "91"]
[EventDate "2013.09.02"]
[EventType "swiss"]
[EventRounds "9"]
[EventCountry "ESP"]
[SourceTitle "CBM 156 Extra"]
[Source "ChessBase"]
[SourceDate "2013.10.22"]
[SourceVersion "1"]
[SourceVersionDate "2013.10.22"]
[SourceQuality "1"]

1. Nf3 Nf6 2. g3 g6 3. Bg2 Bg7 4. c4 d6 5. Nc3 e5 6. 0-0 0-0 7. d3 c6 8. Rb1 a5 9. a3 c5 10. b4 axb4 11. axb4 cxb4 12. Rxb4 Nc6 13. Rb1 h6 14. Ne1 Nd7 15. Nc2 Nc5 16. Ba3 Ra6 17. Nb5 Na7 18. Qd2 Qe7 19. Nc3 Nc6 20. Nd5 Qd8 21. e3 Re8 22. Nc3 Qc7 23. Rfe1 Qd8 24. Nb5 Bf5 25. Red1 Bf8 26. Nc3 Qc8 27. Nd5 Kg7 28. Qc3 Na4 29. Qb3 Ra7 30. Ra1 Nc5 31. Bxc5 Rxa1 32. Rxa1 dxc5 33. Rb1 Nd8 34. Na3 f6 35. Nb5 Be7 36. Nb6 Qb8 37. Ra1 Nc6 38. Ra8 Qxa8 39. Nxa8 Rxa8 40. Na3 Nb4 41. Be4 Bxe4 42. dxe4 Rd8 43. Nb5 Rd3 44. Qa4 Kf7 45. Nc7 Bd8 46. Qe8+ 1-0

[Event "Barcelona Sant Marti op-A 15th"]
[Site "Barcelona"]
[Date "2013.07.14"]
[Round "2"]
[White "Amores Gago, Javier"]
[Black "Ridameya Tatche, Jose Miguel"]
[Result "1/2-1/2"]
[WhiteElo "2167"]
[BlackElo "1991"]
[PlyCount "56"]
[EventDate "2013.07.13"]
[EventType "swiss"]
[EventRounds "9"]
[EventCountry "ESP"]
[SourceTitle "CBM 155 Extra"]
[Source "ChessBase"]
[SourceDate "2013.08.26"]
[SourceVersion "1"]
[SourceVersionDate "2013.08.26"]
[SourceQuality "1"]

1. e4 e5 2. Nc3 Bc5 3. f4 d6 4. Nf3 Nc6 5. Na4 Bg4 6. c3 Qf6 7. h3 Bxf3 8. Qxf3 Bb6 9. d3 Nge7 10. Nxb6 axb6 11. Be3 exf4 12. Bxf4 Qe6 13. b3 Ne5 14. Qe3 N5g6 15. Be2 Nxf4 16. Qxf4 Qe5 17. 0-0 Qxf4 18. Rxf4 Ra3 19. d4 0-0 20. Bc4 c6 21. Rf2 b5 22. Bd3 Rfa8 23. Rb2 f6 24. Kf2 Kf7 25. Ke3 Ke6 26. c4 b4 27. d5+ Kd7 28. Kd4 c5+ 1/2-1/2

[Event "Barcelona U2000 op"]
[Site "Barcelona"]
[Date "2013.06.22"]
[Round "2.9"]
[White "Orteu Capdevila, Max"]
[Black "Ridameya Tatche, Jose Miguel"]
[Result "1/2-1/2"]
[WhiteElo "1644"]
[BlackElo "1991"]
[PlyCount "49"]
[EventDate "2013.06.22"]
[EventType "swiss"]
[EventRounds "7"]
[EventCountry "ESP"]
[SourceTitle "EXT 2024"]
[Source "ChessBase"]
[SourceDate "2023.10.10"]
[SourceVersion "1"]
[SourceVersionDate "2023.10.10"]
[SourceQuality "1"]

1. e4 e5 2. Nf3 Nc6 3. Bb5 a6 4. Ba4 Nf6 5. d3 b5 6. Bb3 Be7 7. 0-0 d6 8. c3 Na5 9. Bc2 c5 10. d4 Nc6 11. d5 Nb8 12. b3 h6 13. c4 0-0 14. Nbd2 Nbd7 15. Re1 Nb6 16. Bd3 b4 17. Nf1 Nh7 18. Ng3 g5 19. h3 a5 20. Be3 g4 21. hxg4 Ng5 22. Nxg5 Bxg5 23. Qf3 Qf6 24. Qxf6 Bxf6 25. Nf5 1/2-1/2

[Event "Benidorm op U2300 11th"]
[Site "Benidorm"]
[Date "2012.12.04"]
[Round "5"]
[White "Mataix Arbona, Cesar"]
[Black "Ridameya Tatche, Jose Miguel"]
[Result "1-0"]
[WhiteElo "2074"]
[BlackElo "1988"]
[PlyCount "39"]
[EventDate "2012.11.30"]
[EventType "swiss"]
[EventRounds "10"]
[EventCountry "ESP"]
[SourceTitle "EXT 2014"]
[Source "ChessBase"]
[SourceDate "2013.11.20"]
[SourceVersion "1"]
[SourceVersionDate "2013.11.20"]
[SourceQuality "1"]

1. d4 d5 2. c4 e5 3. dxe5 d4 4. Nf3 Nc6 5. g3 Bg4 6. Bg2 Qd7 7. 0-0 0-0-0 8. Qb3 Bh3 9. Rd1 Bxg2 10. Kxg2 Nge7 11. Bg5 h6 12. Bxe7 Qxe7 13. e3 g5 14. Nxd4 Nxe5 15. Nc3 Qc5 16. Rac1 Nxc4 17. Ncb5 Qd5+ 18. e4 Qxe4+ 19. f3 Ne3+ 20. Qxe3 1-0

[Event "Benidorm op U2300 10th"]
[Site "Benidorm"]
[Date "2011.12.09"]
[Round "9"]
[White "Ridameya Tatche, Jose Miguel"]
[Black "Gutierrez Lucas, Jose Luis"]
[Result "1-0"]
[WhiteElo "1938"]
[BlackElo "2028"]
[PlyCount "47"]
[EventDate "2011.12.02"]
[EventType "swiss"]
[EventRounds "10"]
[EventCountry "ESP"]
[SourceTitle "CBM 145 Extra"]
[Source "ChessBase"]
[SourceDate "2012.01.03"]
[SourceVersion "1"]
[SourceVersionDate "2012.01.03"]
[SourceQuality "1"]

1. e4 c6 2. c4 d5 3. exd5 cxd5 4. d4 Nf6 5. Nc3 g6 6. Bg5 Bg7 7. Bxf6 Bxf6 8. Nxd5 Bg7 9. Nf3 Nc6 10. Be2 0-0 11. 0-0 e6 12. Nc3 Nxd4 13. Nxd4 Bxd4 14. Qc2 Be5 15. Rad1 Qe7 16. Rfe1 Bb8 17. g3 a6 18. Bf1 f5 19. Nd5 Qf7 20. Nb6 Ra7 21. c5 f4 22. Bc4 fxg3 23. hxg3 Kg7 24. Nxc8 1-0

[Event "Sabadell op 4th"]
[Site "Sabadell"]
[Date "2011.08.10"]
[Round "1"]
[White "Ridameya Tatche, Jose Miguel"]
[Black "Jimenez Fraga, Pedro Alejandro"]
[Result "0-1"]
[WhiteElo "2072"]
[BlackElo "2464"]
[PlyCount "104"]
[EventDate "2011.08.10"]
[EventType "swiss"]
[EventRounds "9"]
[EventCountry "ESP"]
[SourceTitle "CBM 144 Extra"]
[Source "ChessBase"]
[SourceDate "2011.10.28"]
[SourceVersion "1"]
[SourceVersionDate "2011.10.28"]
[SourceQuality "1"]

1. e4 c5 2. Nf3 d6 3. Bb5+ Nd7 4. a4 Ngf6 5. e5 dxe5 6. Nxe5 a6 7. Bxd7+ Nxd7 8. Nxd7 Bxd7 9. 0-0 Bc6 10. Nc3 e6 11. d3 Qh4 12. Qe2 Bd6 13. h3 Rd8 14. Re1 h6 15. Ne4 0-0 16. Nxd6 Rxd6 17. Be3 Rd5 18. f3 a5 19. Qf2 Qe7 20. Bd2 b6 21. Qg3 Kh7 22. Re5 Qd6 23. Bf4 f6 24. Rxd5 Qxd5 25. Qf2 Rf7 26. b3 e5 27. Be3 f5 28. Qd2 Rf6 29. Qe2 Rg6 30. Rf1 Bd7 31. Bd2 Qd4+ 32. Qf2 Qb2 33. Bc1 Qc3 34. Qd2 Qd4+ 35. Qf2 Qd5 36. Qe2 Bc6 37. Be3 Rg3 38. Bf2 Rg5 39. Be3 Rg6 40. Bd2 e4 41. dxe4 fxe4 42. fxe4 Qxe4 43. Rf2 Qxc2 44. Qe3 Bd5 45. h4 Qxb3 46. h5 Qd1+ 47. Be1 Qxh5 48. Qd3 Qe5 49. Bc3 Qe4 50. Qd2 Bc6 51. Re2 Qxa4 52. Qd3 Bb5 0-1

[Event "Alella op"]
[Site "Alella"]
[Date "2010.08.18"]
[Round "8"]
[White "Ortega Serra, Marc"]
[Black "Ridameya Tatche, Jose Miguel"]
[Result "1-0"]
[WhiteElo "2223"]
[BlackElo "2060"]
[PlyCount "86"]
[EventDate "2010.08.11"]
[EventType "swiss"]
[EventRounds "9"]
[EventCountry "ESP"]
[SourceTitle "CBM 138 Extra"]
[Source "ChessBase"]
[SourceDate "2010.10.29"]
[SourceVersion "1"]
[SourceVersionDate "2010.10.29"]
[SourceQuality "1"]

1. d4 Nf6 2. c4 e6 3. Nf3 d5 4. e3 c6 5. Bd3 dxc4 6. Bxc4 b5 7. Bd3 a6 8. 0-0 Bb7 9. Qe2 c5 10. dxc5 Bxc5 11. Bxb5+ axb5 12. Qxb5+ Bc6 13. Qxc5 Bxf3 14. gxf3 Ra5 15. Qb4 Qc7 16. Qf4 e5 17. Qg3 Nh5 18. Qh3 e4 19. fxe4 Rg5+ 20. Kh1 Nf6 21. Nc3 0-0 22. f4 Rh5 23. Qg2 Rh6 24. Bd2 Rg6 25. Qf3 Rd8 26. Be1 Qb6 27. Nd5 Nxd5 28. exd5 Qxb2 29. Bg3 Nd7 30. e4 Ra6 31. Qg2 Qf6 32. Rac1 Nf8 33. Qf2 Rda8 34. Rc2 h6 35. Re1 Qd8 36. Ree2 Ra4 37. Qc5 Qf6 38. Qc3 Qg6 39. f5 Qg5 40. Qe3 Ra3 41. Qf4 Qh5 42. Rg2 g5 43. Qe5 g4 1-0

[Event "Alella op"]
[Site "Alella"]
[Date "2010.08.16"]
[Round "6"]
[White "Marches Rios, Juan Manuel"]
[Black "Ridameya Tatche, Jose Miguel"]
[Result "1/2-1/2"]
[WhiteElo "2138"]
[BlackElo "2060"]
[PlyCount "28"]
[EventDate "2010.08.11"]
[EventType "swiss"]
[EventRounds "9"]
[EventCountry "ESP"]
[SourceTitle "CBM 138 Extra"]
[Source "ChessBase"]
[SourceDate "2010.10.29"]
[SourceVersion "1"]
[SourceVersionDate "2010.10.29"]
[SourceQuality "1"]

1. d4 d5 2. c4 c6 3. Nc3 Nf6 4. Nf3 dxc4 5. a4 Bf5 6. e3 Na6 7. Bxc4 Nb4 8. 0-0 e6 9. Qe2 Ne4 10. Ne5 Nd5 11. Nxe4 Bxe4 12. f3 Bg6 13. a5 a6 14. Rd1 Bb4 1/2-1/2

[Event "Sitges op 36th"]
[Site "Sitges"]
[Date "2010.07.23"]
[Round "2"]
[White "Cruz Estrada, Filemon"]
[Black "Ridameya Tatche, Jose Miguel"]
[Result "1-0"]
[WhiteElo "2456"]
[BlackElo "2060"]
[PlyCount "79"]
[EventDate "2010.07.22"]
[EventType "swiss"]
[EventRounds "9"]
[EventCountry "ESP"]
[SourceTitle "CBM 137 Extra"]
[Source "ChessBase"]
[SourceDate "2010.09.01"]
[SourceVersion "1"]
[SourceVersionDate "2010.09.01"]
[SourceQuality "1"]

1. d4 Nf6 2. c4 e6 3. Nc3 d5 4. cxd5 exd5 5. Bg5 Be7 6. e3 c6 7. Qc2 0-0 8. Bd3 h6 9. Bh4 Nh5 10. Bxe7 Qxe7 11. Nge2 Be6 12. h3 c5 13. dxc5 Qxc5 14. 0-0 Nc6 15. Rfd1 Nb4 16. Qd2 Nxd3 17. Qxd3 Rfd8 18. Rd2 Rac8 19. Rad1 Qe7 20. Nd4 a6 21. Qe2 Nf6 22. Qf3 b5 23. Nf5 Bxf5 24. Qxf5 Qe6 25. Qf3 Rc5 26. e4 Rxc3 27. bxc3 Nxe4 28. Rd4 f5 29. a4 bxa4 30. c4 Nf6 31. cxd5 Qd6 32. Rxa4 g6 33. Ra5 Ne4 34. Qe3 Rc8 35. Qa7 Qf4 36. Rxa6 Qg5 37. Qe3 Qh5 38. Re1 Rc7 39. Qd4 Re7 40. Ra8+ 1-0

[Event "Barbera del Valles op 33th"]
[Site "Barbera del Valles"]
[Date "2010.07.10"]
[Round "7"]
[White "Nunez Lucero, Francisco Alex"]
[Black "Ridameya Tatche, Jose Miguel"]
[Result "1/2-1/2"]
[WhiteElo "2178"]
[BlackElo "2060"]
[PlyCount "28"]
[EventDate "2010.07.04"]
[EventType "swiss"]
[EventRounds "9"]
[EventCountry "ESP"]
[SourceTitle "CBM 137 Extra"]
[Source "ChessBase"]
[SourceDate "2010.09.01"]
[SourceVersion "1"]
[SourceVersionDate "2010.09.01"]
[SourceQuality "1"]

1. e4 e5 2. Nf3 Nc6 3. Bc4 Nf6 4. d3 Be7 5. 0-0 0-0 6. c3 d5 7. exd5 Nxd5 8. Qe2 Bf6 9. Nbd2 Nf4 10. Qe3 Nd5 11. Bxd5 Qxd5 12. Qe4 Be6 13. Qxd5 Bxd5 14. Ne4 Be7 1/2-1/2

[Event "Barcelona Catalunya op"]
[Site "Barcelona"]
[Date "2010.04.04"]
[Round "9"]
[White "Bergez, Luc"]
[Black "Ridameya Tatche, Jose Miguel"]
[Result "1-0"]
[WhiteElo "2388"]
[BlackElo "1997"]
[PlyCount "97"]
[EventDate "2010.03.27"]
[EventType "swiss"]
[EventRounds "9"]
[EventCountry "ESP"]
[SourceTitle "CBM 135 Extra"]
[Source "ChessBase"]
[SourceDate "2010.05.04"]
[SourceVersion "1"]
[SourceVersionDate "2010.05.04"]
[SourceQuality "1"]

1. e4 e5 2. Nf3 Nc6 3. Bc4 Nf6 4. d3 Be7 5. Nbd2 0-0 6. c3 d5 7. Bb3 dxe4 8. dxe4 Bg4 9. h3 Bh5 10. 0-0 Bc5 11. Qe2 Qe7 12. Bc2 a5 13. Nc4 Ne8 14. Ne3 Bxf3 15. Qxf3 Qf6 16. Qe2 Bxe3 17. Bxe3 Qe7 18. Ba4 Nd8 19. Rfd1 Nd6 20. Qg4 Ne6 21. Bb3 Rfe8 22. a4 Qf6 23. Rd5 Nf4 24. Rd2 Nxe4 25. Rd7 Nd6 26. Rxc7 Ne6 27. Rd7 Nf8 28. Bg5 Qg6 29. Re7 Rxe7 30. Bxe7 Qxg4 31. hxg4 Nc8 32. Ba3 Na7 33. Rd1 Nc6 34. Bxf8 Kxf8 35. Rd7 Nd8 36. Bc4 b6 37. Kf1 Rc8 38. Bd5 Ke8 39. Ra7 g6 40. Ke2 h6 41. Kd3 Ne6 42. Bxe6 fxe6 43. Rg7 Rd8+ 44. Kc2 h5 45. Rxg6 Kf7 46. gxh5 Rh8 47. g4 Rd8 48. g5 Rh8 49. Rh6 1-0

[Event "Barcelona Catalunya op"]
[Site "Barcelona"]
[Date "2010.03.30"]
[Round "4"]
[White "Rodriguez Regull, German"]
[Black "Ridameya Tatche, Jose Miguel"]
[Result "1/2-1/2"]
[WhiteElo "2053"]
[BlackElo "1997"]
[PlyCount "42"]
[EventDate "2010.03.27"]
[EventType "swiss"]
[EventRounds "9"]
[EventCountry "ESP"]
[SourceTitle "CBM 135 Extra"]
[Source "ChessBase"]
[SourceDate "2010.05.04"]
[SourceVersion "1"]
[SourceVersionDate "2010.05.04"]
[SourceQuality "1"]

1. e4 e5 2. Nf3 Nc6 3. Bb5 a6 4. Ba4 Nf6 5. 0-0 Be7 6. Re1 b5 7. Bb3 Bb7 8. d3 d6 9. c3 Na5 10. Bc2 c5 11. Nbd2 Nc6 12. Nf1 Qc7 13. a4 0-0 14. Ng3 Rfe8 15. Nf5 Bf8 16. h3 Ne7 17. Nxe7+ Bxe7 18. Nh2 d5 19. Bg5 dxe4 20. dxe4 h6 21. Bxf6 Bxf6 1/2-1/2

[Event "Barcelona Catalunya op"]
[Site "Barcelona"]
[Date "2010.03.29"]
[Round "3"]
[White "Ridameya Tatche, Jose Miguel"]
[Black "Burgos Figueroa, Carlos Ernesto"]
[Result "1/2-1/2"]
[WhiteElo "1997"]
[BlackElo "2299"]
[PlyCount "61"]
[EventDate "2010.03.27"]
[EventType "swiss"]
[EventRounds "9"]
[EventCountry "ESP"]
[SourceTitle "CBM 135 Extra"]
[Source "ChessBase"]
[SourceDate "2010.05.04"]
[SourceVersion "1"]
[SourceVersionDate "2010.05.04"]
[SourceQuality "1"]

1. e4 g6 2. h4 h6 3. d4 c5 4. dxc5 Bg7 5. c3 Qc7 6. Be3 Nf6 7. Bd3 a5 8. Qb3 Ng4 9. Qb6 Qxb6 10. cxb6 Nxe3 11. fxe3 d6 12. Na3 0-0 13. 0-0-0 Nd7 14. Nb5 Nxb6 15. Nc7 Rb8 16. Nd5 Nxd5 17. exd5 b5 18. Nf3 Bg4 19. Rde1 Rfc8 20. Nd4 Bd7 21. h5 g5 22. Bf5 Bxf5 23. Nxf5 Rb7 24. Nxg7 Kxg7 25. e4 Rc5 26. Rh3 b4 27. Rd3 f6 28. Ree3 a4 29. Kb1 b3 30. Rd4 bxa2+ 31. Kxa2 1/2-1/2

[Event "Llobregat op 2nd"]
[Site "Llobregat"]
[Date "2009.12.28"]
[Round "2"]
[White "Perpinya Rofes, Lluis Maria"]
[Black "Ridameya Tatche, Jose Miguel"]
[Result "1/2-1/2"]
[WhiteElo "2387"]
[BlackElo "2123"]
[PlyCount "86"]
[EventDate "2009.12.27"]
[EventType "swiss"]
[EventRounds "7"]
[EventCountry "ESP"]
[SourceTitle "CBM 134 Extra"]
[Source "ChessBase"]
[SourceDate "2010.03.03"]
[SourceVersion "1"]
[SourceVersionDate "2010.03.03"]
[SourceQuality "1"]

1. e4 e5 2. Nf3 Nc6 3. Bb5 a6 4. Ba4 Nf6 5. 0-0 Be7 6. Re1 b5 7. Bb3 Bb7 8. d4 Nxd4 9. Bxf7+ Kf8 10. Bd5 Nxf3+ 11. Qxf3 c6 12. Bb3 Qe8 13. a4 Qh5 14. Qxh5 Nxh5 15. axb5 axb5 16. Rxa8+ Bxa8 17. Nc3 Bc5 18. Bg5 Nf6 19. g3 Ke7 20. Kg2 Bb7 21. Nd1 Ra8 22. Bd2 d6 23. f3 Bc8 24. Ne3 Bxe3 25. Bxe3 Be6 26. Bxe6 Kxe6 27. b3 Ra2 28. Re2 Nd7 29. f4 Nf6 30. Kf3 g6 31. Rd2 d5 32. exd5+ cxd5 33. fxe5 Ne4 34. Re2 Nc3 35. Rg2 Kxe5 36. Bf4+ Ke6 37. g4 Ra1 38. Rd2 Rf1+ 39. Rf2 Rd1 40. h4 Ne4 41. Re2 Rf1+ 42. Ke3 Nc3 43. Rg2 Ne4 1/2-1/2

[Event "ESP-ch Veterans"]
[Site "Sabadell"]
[Date "2009.12.18"]
[Round "7"]
[White "Ridameya Tatche, Jose Miguel"]
[Black "Febrero Perez, Lluis"]
[Result "1-0"]
[WhiteElo "1998"]
[BlackElo "1599"]
[PlyCount "67"]
[EventDate "2009.12.12"]
[EventType "swiss"]
[EventRounds "7"]
[EventCountry "ESP"]
[SourceTitle "CBM 133 Extra"]
[Source "ChessBase"]
[SourceDate "2010.01.05"]
[SourceVersion "1"]
[SourceVersionDate "2010.01.05"]
[SourceQuality "1"]

1. e4 Nf6 2. Nc3 e5 3. Nf3 Nc6 4. d4 exd4 5. Nd5 Bc5 6. Bg5 Be7 7. Bf4 Nxd5 8. exd5 Bb4+ 9. Bd2 Qe7+ 10. Qe2 Bxd2+ 11. Kxd2 Qxe2+ 12. Bxe2 Nb4 13. Bc4 0-0 14. a3 Na6 15. Nxd4 b6 16. Rhe1 Bb7 17. Re7 Rad8 18. Rae1 Bc8 19. Kc3 Nc5 20. b4 Nb7 21. Nb5 c6 22. Nxa7 cxd5 23. Bxd5 Nd6 24. g4 Ba6 25. a4 Nc8 26. Nxc8 Bxc8 27. Kd4 d6 28. f3 Be6 29. Re3 Rc8 30. R7xe6 Rxc2 31. Re8 Rd2+ 32. Kc4 Rc2+ 33. Kb5 Rd2 34. Bc6 1-0